• 首页
  • 本馆介绍
  • 公告通知
  • 最新文献
  • 馆藏检索
  • 电子资源
  • 读者导购
  • 参考咨询
  • 我的图书馆
  • 登录
  • 详细信息显示
  • 放入我的书架
  • 预约/预借图书
  • 作者相关作品
  • 分类相关作品
  • 丛书相关作品
  • 出版社相关作品

书目信息

  • 表格格式
  • 工作单格式
  • 卡片格式
题名:
足球战略与战术
    
 
作者: 恰纳季 著 ;杨秀武 , 阎之义 译
分册:  
出版信息: 北京   人民体育出版社  1987
页数: 262页
开本: 19cm
丛书名:
单 册:
中图分类: G843.1
科图分类:
主题词: 足球运动-竞赛战术 , 竞赛战术-足球运动
电子资源:
ISBN:
000 00795nam0 2200277 45
001 0187003294
005 20040505163737.6
010    @dCNY1.85
091    @a7015.2339
100    @a19900808d1987 em y0chiy0121 ea
101 1  @achi@chun
102    @aCN@b110000
105    @af z 000yy
106    @ar
200 10 @a足球战略与战术@Azu qiu zhan lue yu zhan shu@f(匈)恰纳季著@g杨秀武, 阎之义译
210    @a北京@c人民体育出版社@d1987
215    @a262页@c图@d19cm
606    @a足球运动-竞赛战术
606    @a竞赛战术-足球运动
690    @aG843.1@v3
701  1 @a恰纳季@Aqia na ji@bA.@4著
702  0 @a杨秀武@Ayang xiu wu@4译
702  0 @a阎之义@Ayan zhi yi@4译
801  0 @aCN@b深圳图书馆@c20040505
801  2 @aCN@bNLC@c20040505
905    @f2@b170298-299@f3@b170343-345@dG843.1@e43
    
    足球战略与战术/(匈)恰纳季著/杨秀武, 阎之义译.-北京:人民体育出版社,1987
    262页:图;19cm
    
    
    ISBN :CNY1.85
    
●
相关链接 在E读中查询图书 在五车中查询图书 在当当中查询图书 在豆瓣中查询图书


正题名:足球战略与战术     索取号:G843.1/43         预约/预借

序号 登录号 条形码 馆藏地/架位号 状态 备注
1 0170298   000300793   密集书库/ [索取号:G843.1/43] 在馆    
2 0170299   000300800   密集书库/ [索取号:G843.1/43] 在馆    
3 0170300   002065071   第一样本阅览室/ [索取号:G843.1/43] 在馆    
4 0170343   000300846   密集书库/ [索取号:G843.1/43] 在馆    
5 0170344   000300775   密集书库/ [索取号:G843.1/43] 在馆    
6 0170345   000300784   密集书库/ [索取号:G843.1/43] 在馆    
唐山师范学院图书馆 欢迎您!
大连网信软件有限公司© 版权所有